| 000 | 00758nam a2200253 a 4500 | ||
|---|---|---|---|
| 001 | 000009123 | ||
| 003 | DO-SdBNP | ||
| 005 | 20170927081831.0 | ||
| 007 | 000009123 | ||
| 008 | 090928s1956 ag 000 0 spa d | ||
| 040 |
_aBPMSU _bspa _cBPMSU |
||
| 049 | _a | ||
| 082 |
_aRD861.44 _bI37r |
||
| 100 | 1 |
_aInchaustegui Cabral, Héctor, _d1912-1979 |
|
| 245 | 1 | 0 |
_aRebelión vegetal y otros poemas menos amargos / _cHéctor Inchaustegui Cabral. |
| 260 |
_aBuenos Aires : _bAméricalee, _c1956. |
||
| 300 |
_a117 p. ; _c25 cm. |
||
| 650 | 4 | _aPOESÍA DOMINICANA | |
| 650 | 4 | _aLITERATURA DOMINICANA | |
| 910 | _aValidado. Control de calidad BNPHU | ||
| 942 |
_2ddc _cBK |
||
| 945 | _aInventariado / 2017 VM | ||
| 956 |
_aVMATEO _b10 _c20150806 _lBPMSU _h00151 |
||
| 999 |
_c8114 _d8114 |
||